ბათუმის შოთა რუსთაველის სახელმწიფო უნივერსიტეტის ბიბლიოთეკა

მეტყევეობა (ბიბ.ჩანაწერი № 50774)

000 -LEADER
fixed length control field 00868nam a2200253Ia 4500
001 - CONTROL NUMBER
control field 17726
003 - CONTROL NUMBER IDENTIFIER
control field GE_BSU
008 - FIXED-LENGTH DATA ELEMENTS--GENERAL INFORMATION
fixed length control field 181216s||||||||xx |||||||||||||| ||und||
020 ## - INTERNATIONAL STANDARD BOOK NUMBER
International Standard Book Number 978994145155
040 ## - CATALOGING SOURCE
Transcribing agency GE_BSU
080 ## - UNIVERSAL DECIMAL CLASSIFICATION NUMBER
Universal Decimal Classification number 630.2(075.8)
100 ## - MAIN ENTRY--PERSONAL NAME
Personal name კოპალიანი, ლია
245 ## - TITLE STATEMENT
Title მეტყევეობა
245 ## - TITLE STATEMENT
Remainder of title სახელმძღვანელო
245 ## - TITLE STATEMENT
Statement of responsibility, etc. რედ.:რ.კილაძე
260 ## - PUBLICATION, DISTRIBUTION, ETC.
Place of publication, distribution, etc. ქუთაისი
260 ## - PUBLICATION, DISTRIBUTION, ETC.
Name of publisher, distributor, etc. აკაკი წერეთლის სახ. უნ-ტი
260 ## - PUBLICATION, DISTRIBUTION, ETC.
Date of publication, distribution, etc. 2015
300 ## - PHYSICAL DESCRIPTION
Extent 326 გვ. ილ.21სმ.
300 ## - PHYSICAL DESCRIPTION
Accompanying material ბიბლ.გვ.318-319
653 ## - INDEX TERM--UNCONTROLLED
Uncontrolled term მეტყევეობა
653 ## - INDEX TERM--UNCONTROLLED
Uncontrolled term ტყის ეკოლოგიური და ეკონომიკური ეფექტიანობა
942 ## - ADDED ENTRY ELEMENTS (KOHA)
Koha item type წიგნი
ეგზემპლარები
Withdrawn status Lost status Damaged status Not for loan Date acquired Barcode Date last seen Price effective from Koha item type
        2018-12-17 41586 2018-12-17 2018-12-17 წიგნი
        2018-12-17 41587 2018-12-17 2018-12-17 წიგნი